| 000 | 00494nam a2200169Ia 4500 | ||
|---|---|---|---|
| 999 |
_c28685 _d28685 |
||
| 003 | OSt | ||
| 005 | 20210106113923.0 | ||
| 008 | 190216s9999||||xx |||||||||||||| ||und|| | ||
| 040 | _coclc | ||
| 082 |
_a894.812301 _bGOV/N |
||
| 100 |
_aGovindanunni, V R _97921 |
||
| 245 | 0 |
_aNjaan Ayaal Nammal / _cV R Govindanunni |
|
| 260 |
_bPoorna Publications, _aKozhikode: _c2006. |
||
| 300 | _a56p | ||
| 650 | _aKathakal | ||
| 942 |
_cBK _2ddc _h894.812301 _iGOV/N _k894.812301 _mGOV/N |
||